Xing Lin Gu Shi = ANECDOTES OF TRADITIONAL CHINESE MEDICINE / (Record no. 176448)

MARC details
000 -LEADER
fixed length control field 01628nam a22003491i 4500
003 - CONTROL NUMBER IDENTIFIER
control field OSt
005 - DATE AND TIME OF LATEST TRANSACTION
control field 20200217154040.0
008 - FIXED-LENGTH DATA ELEMENTS--GENERAL INFORMATION
fixed length control field 200217t20182018njua e 000 0 eng d
020 ## - INTERNATIONAL STANDARD BOOK NUMBER
International Standard Book Number 9781945552021
Terms of availability RM120.00
Qualifying information paperback
040 ## - CATALOGING SOURCE
Original cataloging agency PPAK
Language of cataloging eng
Transcribing agency PPAK
Description conventions rda
041 1# - LANGUAGE CODE
Language code of text/sound track or separate title eng
Language code of original chi
082 04 - DEWEY DECIMAL CLASSIFICATION NUMBER
Edition number 23
Classification number 610.951
090 00 - LOCALLY ASSIGNED LC-TYPE CALL NUMBER (OCLC); LOCAL CALL NUMBER (RLIN)
Classification number (OCLC) (R) ; Classification number, CALL (RLIN) (NR) 610.951
Feature heading ANE
Feature heading G
245 00 - TITLE STATEMENT
Linkage 880-01
Title Xing Lin Gu Shi = ANECDOTES OF TRADITIONAL CHINESE MEDICINE /
Statement of responsibility, etc. Edited by Lifang Qu ; English version edited by Mary Garvey
246 3# - VARYING FORM OF TITLE
Title proper/short title Xing lin qu shi
Title proper/short title Anecdotes of traditional Chinese medicine
250 ## - EDITION STATEMENT
Edition statement Di 1 ban
264 #1 - PRODUCTION, PUBLICATION, DISTRIBUTION, MANUFACTURE, AND COPYRIGHT NOTICE
Place of production, publication, distribution, manufacture Hackensack, NJ :
Name of producer, publisher, distributor, manufacturer World Century Publishing Corporation,
Date of production, publication, distribution, manufacture, or copyright notice [2018]
Date of production, publication, distribution, manufacture, or copyright notice ©2018
300 ## - PHYSICAL DESCRIPTION
Extent 278 pages :
Other physical details illustrations ;
Dimensions 23 cm
336 ## - CONTENT TYPE
Source rdacontent
Content type term text
337 ## - MEDIA TYPE
Source rdamedia
Media type term unmediated
338 ## - CARRIER TYPE
Source rdacarrier
Carrier type term volume
500 ## - GENERAL NOTE
General note Translation of: Xing lin qu shi = Anecdotes of traditional Chinese medicine / Lifang Qu, editor. Di 1 ban. Shanghai Shanghai Scientific & Technical Publishers, 2015.<br/>Each story begins with the Chinese characters, accompanied by the pin yin with tones to guide Western students with their Chinese pronunciation. Then the English version of the story follows with a glossary to assist Chinese students with their English pronunciation.
546 ## - LANGUAGE NOTE
Language note Parallel Chinese text and English translation.
650 10 - SUBJECT ADDED ENTRY--TOPICAL TERM
Topical term or geographic name entry element Medicine, Chinese
Form subdivision Anecdotes
Topical term or geographic name entry element Medicine, Chinese
700 1# - ADDED ENTRY--PERSONAL NAME
Personal name Qu, Lifang,
Relator term editor.
Personal name Garvey, Mary,
Relator term editor.
880 ## - ALTERNATE GRAPHIC REPRESENTATION
Linkage 245-01
a 杏林趣事 = Anecdotes of traditional Chinese medicine /
942 ## - ADDED ENTRY ELEMENTS (KOHA)
Source of classification or shelving scheme Dewey Decimal Classification
Koha item type Book
Holdings
Withdrawn Not for loan Current library Shelving location Date acquired Full call number Barcode Date last seen Koha item type
    Perpustakaan Alor Setar Pinjaman Dewasa 15/03/2020 610.951 ANE A01635126 15/03/2020 Book
    Perpustakaan Awam Sungai Petani Pinjaman Dewasa 15/03/2020 610.951 ANE A01635127 15/03/2020 Book